Paláce a zahrady pod pražským hradem /

Hlavní autor: Merhout, Cyril, 1881-1955
Jazyk: Čeština
Vydáno: Praha : Orbis, 1954
Vydání: 1. vyd.
Edice: Osvětové a propagační edice
Témata:
Externí odkaz: Digitalizovaný dokument
Fyzický popis: 171 s., [31] s. obr. příl. : il. ; 8°
Language note: Francouzské a ruské resumé
Knihy
Uloženo v:
LEADER 01600nam a2200373 a 4500
001 000450305
003 CZ BrMZK
005 20150730105326.0
007 ta
008 980923s1954 xr af f cze d
015 |a cnb000679365 
035 |a (OCoLC)28428978 
040 |a BOA001  |b cze 
041 0 |a cze  |b fre  |b rus 
100 1 |a Merhout, Cyril,  |d 1881-1955  |7 jk01081284  |4 aut 
245 1 0 |a Paláce a zahrady pod pražským hradem /  |c Cyril Merhout ; kresby v textu provedl Eduard Hnilička ; autoři snímků: J. Sudek, V. Stehlík 
250 |a 1. vyd. 
260 |a Praha :  |b Orbis,  |c 1954 
300 |a 171 s., [31] s. obr. příl. :  |b il. ;  |c 8° 
490 1 |a Osvětové a propagační edice 
500 |a 5400 výt. 
546 |a Francouzské a ruské resumé 
830 0 |a Osvětové a propagační edice  |0 s 
856 4 1 |u http://www.digitalniknihovna.cz/mzk/uuid/uuid:05d17930-f5eb-11e2-9923-005056827e52  |y Digitalizovaný dokument  |x NDK 
910 |a BOA001  |b 2-0333.799  |b PK-0009.263 
920 |a 000758457 
964 |a Paláce malostranské - dějiny - studie 
964 |a Praha - Malá Strana - paláce a zahrady - dějiny - studie 
964 |a Zahrady malostranské - dějiny - studie 
964 |a Hrad, Praha - zahrady pod Hradem - dějiny - studie 
990 |a BK 
996 6 |b 2619776657  |c 2-0333.799  |l MZK  |r Sklad / do 24 hodin  |n 6  |w 000450305  |u 000010  |a 1  |e BOA001  |j MZK50  |s P 
996 7 |b 2629971833  |c 2-0333.799  |l MZK  |r Sklad / do 24 hodin  |n 4  |w 000450305  |u 000020  |a 1  |e BOA001  |j MZK50  |s A 
996 6 |b BC-184474  |c PK-0009.263  |l MZK  |r Sklad / do 1 hodiny  |n 0  |w 000450305  |u 000030  |a 1  |e BOA001  |j MZK50  |s P